00360nam a2200109 a 450000100100000000500170001000800410002704000250006824500770009326000450017030000350021500002936920200930055515.0110415s1999 dr ac 000 0 spa d aDO-SdBNPbspacBNPHU04aLos foros del Primer Festival Internacional del Teatro Iberoaméricano. aSanto Domingo :bTeatro Nacional,c1999. a263 p. :bil. retrs. ;c28 cm.